000 03818njm a2200577Ia 4500
001 25656
003 IT-RoPAU
005 20220918181125.0
008 131025s9999 xx 000 0 und d
040 _aIT-RoPAU
040 _cIT-RoPAU
041 _aITALIANO
999 _c100060
_d100060
999 _bn.d.
100 _aAA.VV.
_9794
100 _eAutore musica
_913101
100 _gCodice autore musica SPICS: 12000
_9796
245 _aProfeta non sarò
250 _a1a ed.
260 _aITALIA
260 _bPHILIPS
_c1980 [1a Ed.:1980]
300 _aDISCO
300 _c46 minuti (Testo: pag.)
500 _aCanzone italiana. Musica leggera. Canzone sentimentale
505 _aProfeta non sarò [(Because) (5:00)] - Dolce veleno (4:00) - Romantica (6:00) - Il tocco dell'amore (4:00) - Dieci anni fa (5:00) - Il mago (4:00) - Forever and Ever (4:00) - I Dig You (5:00) - Feel Like I'll Never Feel This Way Again (4:00) - Good Bye My Love Good Bye (4:00) - Someday Somewhere (3:00) - We Shall Dance (4:00)
650 _aCANZONE ITALIAN [DISCHI]
_eCodice MATERIA SPICS: 9950
_913102
700 _aRoussos Demis
_gCodice interprete SPICS: 11129
_eInterprete
_913103
700 _aPapathanassiou V.
_gCodice autore musica SPICS: 15603
_eAutore musica
_pProfeta non sarò (Because)
_913104
700 _aDaphne
_gCodice autore SPICS: 27736
_eAutore
_pProfeta non sarò (Because)
_913105
700 _aCostandinos Alec R.
_gCodice autore testo/musica SPICS: 14446
_eAutore testo/musica
_pProfeta non sarò (Because) - Dolce veleno - Forever and Ever - Someday Somewhere
_913106
700 _aLuberti Marco
_gCodice autore musica SPICS: 23581
_eAutore musica
_pDolce veleno
_913107
700 _aBarbelivien Didier
_gCodice autore testo/musica SPICS: 11322
_eAutore testo/musica
_pDolce veleno - Romantica
_913108
700 _aMalgioglio Cristiano
_gCodice autore musica SPICS: 23125
_eAutore musica
_pRomantica
_913109
700 _aGreco Larry
_gCodice autore testo/musica SPICS: 27737
_eAutore testo/musica
_pRomantica
_913110
700 _aDaiano Fontana Claudio
_gCodice autore musica SPICS: 14335
_eAutore musica
_pIl tocco dell'amore - Dieci anni fa
_913111
700 _aHill Dan
_gCodice autore testo/musica SPICS: 27738
_eAutore testo/musica
_pIl tocco dell'amore
_913112
700 _aBillon Pierre
_gCodice autore SPICS: 27739
_eAutore
_pDieci anni fa
_913113
700 _aRevaux Jacques
_gCodice autore testo/musica SPICS: 23744
_eAutore testo/musica
_pDieci anni fa
_913114
700 _aBardotti Sergio
_gCodice autore musica SPICS: 13862
_eAutore musica
_pIl mago
_913115
700 _aJouveaux Michel
_gCodice autore SPICS: 27740
_eAutore
_pIl mago
_913116
700 _aBarnell Jeff
_gCodice autore testo/musica SPICS: 27741
_eAutore testo/musica
_pIl mago
_913117
700 _aVlavianos S.
_gCodice autore testo/musica SPICS: 14445
_eAutore testo/musica
_pForever and Ever - I Dig You - Someday Somewhere
_913118
700 _aFitoussi R.
_gCodice autore musica SPICS: 27743
_eAutore musica
_pI Dig You
_913119
700 _aCase Jim
_gCodice autore musica SPICS: 27744
_eAutore musica
_pFeel Like I'll Never Feel This Way Again
_913120
700 _aPrewitt Joe
_gCodice autore testo/musica SPICS: 27745
_eAutore testo/musica
_pFeel Like I'll Never Feel This Way Again
_913121
700 _aLloyd Jack
_gCodice autore musica SPICS: 27746
_eAutore musica
_pGood Bye My Love Good Bye
_913122
700 _aMunro Klaus
_gCodice autore SPICS: 27561
_eAutore
_pGood Bye My Love Good Bye
_913123
700 _aPanas M.
_gCodice autore testo/musica SPICS: 27747
_eAutore testo/musica
_pGood Bye My Love Good Bye
_913124
700 _aBergman Boris
_gCodice autore musica SPICS: 15511
_eAutore musica
_pWe Shall Dance
_913125
700 _aRoussos A.V.
_gCodice autore testo/musica SPICS: 15573
_eAutore testo/musica
_pWe Shall Dance
_913126
942 _cMD
_2ddc